000 00622nms a22001817a 4500
003 OSt
005 20160901165337.0
008 160818b xxu||||| |||| 00| 0 eng d
040 _cBMC
082 _2
_a342.026437284
245 0 0 _aDiario Oficial
_b: República de El Salvador
_pFebrero
_cImprenta Nacional
260 _aSan Salvador (El Salvador)
_bImprenta Nacional
_c2015
300 _aDatos (20 archivos: 64,290,816 bytes)
_b12 cm
490 _aDiario Oficial
_v406
650 2 4 _96431
_aControl constitucional de leyes
_zEl Salvador
710 _939504
_aImprenta Nacional de El Salvador
942 _2ddc
_cCD
_hprozim
999 _c25685
_d25685